Institutional efficiency and its determinants <the> role of political factors in economic growth

Gespeichert in:
Bibliographische Detailangaben
1. Verfasser: Borner, Silvio
Körperschaft: OECD. Development Centre
Weitere Verfasser: Bodmer, Frank, Kobler, Markus
Format: Buch
Sprache:Englisch
Veröffentlicht: Paris OECD 2004
Schriftenreihe:Development Centre studies
Schlagworte:
Tags: Tag hinzufügen
Keine Tags, Fügen Sie das erste Tag hinzu!

MARC

LEADER 00000nam$a2200000$$$4500
001 0020836
005 20240314085759.9
020 |a 92-64-10643-X 
041 0 |a eng 
044 |a FR 
245 1 0 |a Institutional efficiency and its determinants  |b <the> role of political factors in economic growth  |c by Silvio Borner, Frank Bodmer and Markus Kobler 
264 1 |a Paris  |b OECD  |c 2004 
300 |a 100 s. 
490 1 |a Development Centre studies 
830 0 |a Development Centre studies 
610 2 0 |a rast hospodársky 
610 2 0 |a efektívnosť 
610 2 0 |a faktory rastu hospodárskeho 
610 2 0 |a inštitúcia 
610 2 0 |a kvalita 
610 2 0 |a rozvoj hospodársky 
610 2 0 |a Argentína 
100 1 |a Borner, Silvio 
700 1 |a Bodmer, Frank 
700 1 |a Kobler, Markus 
710 2 |a OECD. Development Centre